<?xml version="1.0" encoding="UTF-8"?>
<collection xmlns="http://www.loc.gov/MARC21/slim">
 <record>
  <leader>02705cam a22004692  4500</leader>
  <controlfield tag="001">1135554110</controlfield>
  <controlfield tag="003">DE-627</controlfield>
  <controlfield tag="005">20240126175128.0</controlfield>
  <controlfield tag="007">tu</controlfield>
  <controlfield tag="008">980427s1946    xx |||||      00| ||eng c</controlfield>
  <datafield tag="035" ind1=" " ind2=" ">
   <subfield code="a">(DE-627)1135554110</subfield>
  </datafield>
  <datafield tag="035" ind1=" " ind2=" ">
   <subfield code="a">(DE-576)065554116</subfield>
  </datafield>
  <datafield tag="035" ind1=" " ind2=" ">
   <subfield code="a">(DE-599)BSZ065554116</subfield>
  </datafield>
  <datafield tag="035" ind1=" " ind2=" ">
   <subfield code="a">(OCoLC)248512245</subfield>
  </datafield>
  <datafield tag="040" ind1=" " ind2=" ">
   <subfield code="a">DE-627</subfield>
   <subfield code="b">ger</subfield>
   <subfield code="c">DE-627</subfield>
   <subfield code="e">rakwb</subfield>
  </datafield>
  <datafield tag="041" ind1=" " ind2=" ">
   <subfield code="a">eng</subfield>
   <subfield code="a">lat</subfield>
  </datafield>
  <datafield tag="084" ind1=" " ind2=" ">
   <subfield code="a">BM 3850</subfield>
   <subfield code="2">rvk</subfield>
   <subfield code="0">(DE-625)rvk/12599:11596</subfield>
  </datafield>
  <datafield tag="084" ind1=" " ind2=" ">
   <subfield code="a">LM 61840</subfield>
   <subfield code="2">rvk</subfield>
   <subfield code="0">(DE-625)rvk/101221:</subfield>
  </datafield>
  <datafield tag="084" ind1=" " ind2=" ">
   <subfield code="a">NV 5290</subfield>
   <subfield code="2">rvk</subfield>
   <subfield code="0">(DE-625)rvk/131873:</subfield>
  </datafield>
  <datafield tag="245" ind1="1" ind2="0">
   <subfield code="a">Abbot Suger on the Abbey Church of St.-Denis and its art treasures</subfield>
   <subfield code="c">ed., transl. and annotated by Erwin Panofsky</subfield>
  </datafield>
  <datafield tag="264" ind1=" " ind2="1">
   <subfield code="a">Princeton, N.J. [u.a.]</subfield>
   <subfield code="b">Princeton Univ. Press</subfield>
   <subfield code="c">1946</subfield>
  </datafield>
  <datafield tag="300" ind1=" " ind2=" ">
   <subfield code="a">XIV, 250, 26 S.</subfield>
   <subfield code="b">Ill.</subfield>
  </datafield>
  <datafield tag="336" ind1=" " ind2=" ">
   <subfield code="a">Text</subfield>
   <subfield code="b">txt</subfield>
   <subfield code="2">rdacontent</subfield>
  </datafield>
  <datafield tag="337" ind1=" " ind2=" ">
   <subfield code="a">ohne Hilfsmittel zu benutzen</subfield>
   <subfield code="b">n</subfield>
   <subfield code="2">rdamedia</subfield>
  </datafield>
  <datafield tag="338" ind1=" " ind2=" ">
   <subfield code="a">Band</subfield>
   <subfield code="b">nc</subfield>
   <subfield code="2">rdacarrier</subfield>
  </datafield>
  <datafield tag="583" ind1="1" ind2=" ">
   <subfield code="a">Archivierung prüfen</subfield>
   <subfield code="c">20231104</subfield>
   <subfield code="f">DE-640</subfield>
   <subfield code="z">3</subfield>
   <subfield code="2">pdager</subfield>
  </datafield>
  <datafield tag="689" ind1="0" ind2="0">
   <subfield code="d">p</subfield>
   <subfield code="0">(DE-588)118619942</subfield>
   <subfield code="0">(DE-627)07940894X</subfield>
   <subfield code="0">(DE-576)163242259</subfield>
   <subfield code="a">Sugerus</subfield>
   <subfield code="c">Sancti Dionysii</subfield>
   <subfield code="d">1081-1151</subfield>
   <subfield code="2">gnd</subfield>
  </datafield>
  <datafield tag="689" ind1="0" ind2="1">
   <subfield code="d">g</subfield>
   <subfield code="0">(DE-588)4206278-0</subfield>
   <subfield code="0">(DE-627)105129178</subfield>
   <subfield code="0">(DE-576)210174099</subfield>
   <subfield code="a">Klosterkirche Saint-Denis</subfield>
   <subfield code="g">Saint-Denis</subfield>
   <subfield code="2">gnd</subfield>
  </datafield>
  <datafield tag="689" ind1="0" ind2="2">
   <subfield code="d">s</subfield>
   <subfield code="0">(DE-588)4114333-4</subfield>
   <subfield code="0">(DE-627)105822957</subfield>
   <subfield code="0">(DE-576)209483733</subfield>
   <subfield code="a">Kunst</subfield>
   <subfield code="2">gnd</subfield>
  </datafield>
  <datafield tag="689" ind1="0" ind2=" ">
   <subfield code="5">(DE-627)</subfield>
  </datafield>
  <datafield tag="700" ind1="1" ind2=" ">
   <subfield code="a">Panofsky, Erwin</subfield>
   <subfield code="d">1892-1968</subfield>
   <subfield code="e">Hrsg.</subfield>
   <subfield code="0">(DE-588)118591568</subfield>
   <subfield code="0">(DE-627)135320631</subfield>
   <subfield code="0">(DE-576)162477686</subfield>
   <subfield code="4">edt</subfield>
  </datafield>
  <datafield tag="787" ind1="0" ind2="8">
   <subfield code="i">Rezensiert in</subfield>
   <subfield code="a">Lehmann-Brockhaus, Otto, 1909 - 1999</subfield>
   <subfield code="t">[Rezension von: Erwin Panofsky, Abbot Suger on the Abbey Church of St. Denis and its art treasures]</subfield>
   <subfield code="d">1948</subfield>
   <subfield code="w">(DE-627)1672359848</subfield>
  </datafield>
  <datafield tag="935" ind1=" " ind2=" ">
   <subfield code="a">mteo</subfield>
  </datafield>
  <datafield tag="936" ind1="r" ind2="v">
   <subfield code="a">BM 3850</subfield>
   <subfield code="b">Werke</subfield>
   <subfield code="k">Theologie und Religionswissenschaften</subfield>
   <subfield code="k">Theologie des geistlichen Lebens</subfield>
   <subfield code="k">Quellen zur Theologie des geistlichen Lebens</subfield>
   <subfield code="k">Frühes Mittelalter (-1200)</subfield>
   <subfield code="k">Einzelne Autoren</subfield>
   <subfield code="k">Suger &lt;von Saint-Denis&gt;</subfield>
   <subfield code="k">Werke</subfield>
   <subfield code="0">(DE-627)1354049632</subfield>
   <subfield code="0">(DE-625)rvk/12599:11596</subfield>
   <subfield code="0">(DE-576)284049638</subfield>
  </datafield>
  <datafield tag="936" ind1="r" ind2="v">
   <subfield code="a">LM 61840</subfield>
   <subfield code="b">Saint-Denis</subfield>
   <subfield code="k">Kunstgeschichte</subfield>
   <subfield code="k">Kunst nach Ländern bzw. Kontinenten</subfield>
   <subfield code="k">Frankreich</subfield>
   <subfield code="k">Kunsttopografie Frankreichs</subfield>
   <subfield code="k">Alphabetische Liste der französischen Orte</subfield>
   <subfield code="k">Orte S</subfield>
   <subfield code="k">Saint-Denis</subfield>
   <subfield code="0">(DE-627)1271306786</subfield>
   <subfield code="0">(DE-625)rvk/101221:</subfield>
   <subfield code="0">(DE-576)201306786</subfield>
  </datafield>
  <datafield tag="936" ind1="r" ind2="v">
   <subfield code="a">NV 5290</subfield>
   <subfield code="b">Geschichte einzelner Abteien und Klöster</subfield>
   <subfield code="k">Geschichte</subfield>
   <subfield code="k">Religions- und Kirchengeschichte</subfield>
   <subfield code="k">Geschichte der katholischen Kirche</subfield>
   <subfield code="k">Geschichte des Mönchtums und des Klosterwesens</subfield>
   <subfield code="k">Geschichte einzelner Abteien und Klöster</subfield>
   <subfield code="0">(DE-627)1270709232</subfield>
   <subfield code="0">(DE-625)rvk/131873:</subfield>
   <subfield code="0">(DE-576)200709232</subfield>
  </datafield>
  <datafield tag="951" ind1=" " ind2=" ">
   <subfield code="a">BO</subfield>
  </datafield>
  <datafield tag="990" ind1=" " ind2=" ">
   <subfield code="a">Sugerus &lt;Sancti Dionysii&gt; </subfield>
  </datafield>
  <datafield tag="990" ind1=" " ind2=" ">
   <subfield code="a">Klosterkirche Saint-Denis</subfield>
  </datafield>
  <datafield tag="990" ind1=" " ind2=" ">
   <subfield code="a">Kunst</subfield>
  </datafield>
  <datafield tag="991" ind1=" " ind2=" ">
   <subfield code="a">Rezensiertes Werk</subfield>
  </datafield>
  <datafield tag="999" ind1=" " ind2=" ">
   <subfield code="a">KXP-PPN1135554110</subfield>
   <subfield code="e">403973520X</subfield>
  </datafield>
 </record>
</collection>
